000 00298nam a2200133Ia 4500
100 _aSop
942 _cBK
654 _acircuit
245 _aCircuit maker Schematic editor Reference Manual
260 _bSoftware option (India) P.ltd.
082 _a621.38153
546 _aENGLISH
999 _c31529
_d31529